00464nam a22001577a 450000500170000001000250001702000260004203500230006803700130009108200130010410000210011724500560013826000400019427000450023430000270027920230724162104.0 aENG-96666 ENG-137559 a9788183333399c120.00 aEN-80199 EN-121091 bDBAD/PUB a657.0285 aNadhani, Asok K. aTally-ERP 9 :btraining guide /cby Asok K. Nadhani aNew Delhi bBPB Publications c2010 aB-14 Connaught PlacebNew Delhi e110001 axv, 244 p.c24cm (Pbk)